| 000 | 00475pab a2200157 454500 | ||
|---|---|---|---|
| 008 | 180718b2005 xxu||||| |||| 00| 0 eng d | ||
| 100 | _aAsh, Michael | ||
| 245 | _aDisciplinary unemployment as a public good, or the importance of the committee to manage the common affairs of the whole | ||
| 260 | _c2005 | ||
| 300 | _ap.471-75. | ||
| 362 | _aFall | ||
| 650 | _aLabour force | ||
| 650 | _aUnemployment | ||
| 773 | _aReview of Radical Political Economics | ||
| 909 | _a68275 | ||
| 999 |
_c68275 _d68275 |
||